Like a river. (Record no. 13708)

000 -LEADER
fixed length control field 00757nam a2200217 a 4500
001 - CONTROL NUMBER
control field :::00011531$&:&@@
003 - CONTROL NUMBER IDENTIFIER
control field OkBaRHE
005 - DATE AND TIME OF LATEST TRANSACTION
control field 20100331135443.0
008 - FIXED-LENGTH DATA ELEMENTS--GENERAL INFORMATION
fixed length control field s1977 j 000 0 eng u
020 ## - INTERNATIONAL STANDARD BOOK NUMBER
International Standard Book Number 0882435647
040 ## - CATALOGING SOURCE
Transcribing agency
100 1# - MAIN ENTRY--PERSONAL NAME
Personal name Brumback, Carl, 1917-
245 10 - TITLE STATEMENT
Title Like a river.
260 ## - PUBLICATION, DISTRIBUTION, ETC. (IMPRINT)
Place of publication, distribution, etc Springfield, MO., :
Name of publisher, distributor, etc Gospel Publishing House
Date of publication, distribution, etc 1977
300 ## - PHYSICAL DESCRIPTION
Extent iii, 170 p. : illus. ;
Dimensions 22 cm.
650 ## - SUBJECT ADDED ENTRY--TOPICAL TERM
Topical term or geographic name as entry element Assemblies of God
General subdivision History
650 ## - SUBJECT ADDED ENTRY--TOPICAL TERM
Topical term or geographic name as entry element Pentecostalism
General subdivision United States
-- History
942 ## - ADDED ENTRY ELEMENTS (KOHA)
Source of classification or shelving scheme
Koha item type Books
Copies
Lost status Permanent Location Shelving location Withdrawn status Current Location Koha item type Date acquired Copy number Barcode Price effective from Not for loan Date last seen Full call number Source of classification or shelving scheme Damaged status
 RHEMA Bible Training CollegeGeneral Stacks RHEMA Bible Training CollegeBooks2010-04-141115312010-04-14 2010-04-14BX 8765.5 .A4 B78  
 RHEMA Bible Training CollegeGeneral Stacks RHEMA Bible Training CollegeBooks2010-04-142000206282010-04-14 2010-04-14BX 8765.5 .A4 B78  
 RHEMA Bible Training CollegeGeneral Stacks RHEMA Bible Training CollegeBooks2012-03-083115342012-03-08 2012-03-08BX 8765.5 .A4 B78